000
00239nam a22001217a 4500
041
_a
ENG
100
_a
Khush.G.S
245
_a
Rice Genetics Iv
260
_a
Delhi
_b
IRRI
_c
2001
300
_a
488
650
_a
GAE (15)
856
_u
GAE (15)
999
_c
2980
_d
2980